000 00413nam a2200181Ia 4500
005 20240823012341.0
008 240823s9999||||xx |||||||||||||| ||und||
041 _aENGLISH
082 _A621.382 P3
100 _aRakesh Mittal (Pub)
245 0 _aGATE ECE
250 _a1st
260 _c2003
_b"GK,"
_aNoida
500 _aTRANSFERED
650 _aElectronics
_bElectronics
942 _cBK
999 _c164153
_d164153